Odpowiedzi kończące się na T - Statystyki

Ogólne statystyki
  • Ten quiz został rozwiązany 141 razy
  • Średni wynik to 10 z 15
Statystyki odpowiedzi
Pytanie Odpowiedź % Poprawnych
Wielokąt o trzech bokach Trójkąt
97%
50 słownie Pięćdziesiąt
96%
Stolica Węgier Budapeszt
94%
Opuszczenie przez piłkę pola gry Aut
93%
Kolor, owoc lub pocisk rzucany ręcznie Granat
93%
Wkręca się nim śruby Śrubokręt
93%
Państwo nad rzeką Nil Egipt
92%
Zawód polegający na projektowaniu budowli Architekt
87%
Przedsiębiorstwo zajmujące się handlem starymi przedmiotami, mającymi wartość historyczną, estetyczną lub materialną Antykwariat
57%
Państwo na Bliskim Wschodzie Kuwejt
43%
Podstawowy sposób na dzielenie tekstu ciągłego na rozpoznawalne wzrokiem mniejsze fragmenty Akapit
37%
Duch będący zaprzeczeniem Chrystusa Antychryst
32%
Jednostka monetarna wielu państwa świata Cent
32%
6 największe miasto w Niemczech Stuttgart
20%
Stan USA którego stolicą jest Hartford Connecticut
17%
Nie znaleziono quizów pasujących do podanych kryteriów
Rozkład punktacji
Procent ludzi z każdym wynikiem
Percentyl według liczby udzielonych odpowiedzi
Twoja historia wyników
Nie rozwiązałeś tego quizu